US Senator or Not? Quiz Stats

 Plays Quiz Updated Jan 18, 2018

Score 0/50 Timer 05:00
4 Plays Today
Name Y or N % Correct
John McCain???
90%
Ted Cruz???
88.8%
Bernie Sanders???
88.2%
Marco Rubio???
87.4%
Donald Trump???
86.8%
Al Capone???
86.2%
George Washington???
85.9%
Joe Biden???
85.6%
Dianne Feinstein???
85%
Hillary Clinton???
84.9%
Ronald Reagan???
82.7%
Benjamin Franklin???
82.4%
Barack Obama???
82.2%
Strom Thurmond???
82.2%
Dwight D. Eisenhower???
80.9%
George W. Bush???
80.2%
Robert Byrd???
79.2%
Daniel Inouye???
78.7%
Bill Clinton???
78.6%
Barry Goldwater???
78.5%
Thomas Jefferson???
76.2%
Boss Tweed???
75.9%
John Glenn???
75.6%
Alexander Hamilton???
75.5%
Walter Mondale???
74%
Name Y or N % Correct
Hubert Humphrey???
73.1%
Henry Clay???
72.8%
Franklin D. Roosevelt???
72.8%
Rod Blagojevich???
70.3%
Henry Cabot Lodge???
68.9%
Stephen Douglas???
68.8%
Daniel Webster???
66.4%
Dick Cheney???
66.1%
Dan Quayle???
65.2%
Jim Bunning???
65%
Abraham Lincoln???
62.3%
Paul Ryan???
59.4%
James Garfield???
57.9%
John Kasich???
57.2%
Millard Fillmore???
56%
Rutherford Hayes???
55.6%
Spiro Agnew???
55.4%
James G. Blaine???
55.4%
Howard Dean???
46.6%
Harry S. Truman???
44.5%
Thomas E. Dewey???
43.2%
Franklin Pierce???
43.2%
William Jennings Bryan???
42.2%
Samuel Tilden???
36.9%
James Monroe???
35.1%

You're not logged in!

Compare scores with friends on all Sporcle quizzes.
OR
Log In

Show Comments

Extras

Top Quizzes Today


Score Distribution

Your Account Isn't Verified!

In order to create a playlist on Sporcle, you need to verify the email address you used during registration. Go to your Sporcle Settings to finish the process.

Report this User

Report this user for behavior that violates our Community Guidelines.

Details: